Sexo e Adolescência (Record no. 43319)
[ view plain ]
| 000 -Etiqueta do registo | |
|---|---|
| Valores | 00424nam a2200169 4500 |
| 100 ## - Dados gerais de processamento | |
| Dados gerais | 20240625 pory50 |
| 101 ## - Língua de publicação | |
| Língua | por |
| 102 ## - País de publicação | |
| País | PT |
| 200 ## - Titulo e menção de responsabilidade | |
| Título próprio | Sexo e Adolescência |
| Informação de outro título | guia para os jovens e seus pais |
| Primeira menção de responsabilidade | Maxine Davis |
| 210 ## - Publicação | |
| Nome do editor | Biblioteca Universal Popular |
| 215 ## - Descrição física | |
| Paginação / Volumes | 277 p. |
| 225 ## - Colecção | |
| Título próprio da colecção | Divulgação Científica |
| Indicação de volume | 55 |
| 675 ## - CDU | |
| Notação | 613.88 |
| 801 ## - Fonte de origem | |
| País | PT |
| Regras de catalogação | RPC |
| 990 ## - Elementos KOHA | |
| Tipo de documento | Livro |
| Aquisição | Empréstimo | Código de barras | Cota | Permissão de empréstimo | Tipo de documento |
|---|---|---|---|---|---|
| Biblioteca Municipal de Redondo | Biblioteca Municipal de Redondo | 050459 | 613.88 DAV | Livro |